000 00627nam a2200217Ia 4500
001 21431
003 GE_BSU
008 181216s||||||||xx |||||||||||||| ||und||
040 _cGE_BSU
080 _aპერიოდიკა
245 _aПедагогика №7. 2017.
245 _bНаучн-технич. журнал РА образования
245 _cГл. ред. Р.С.Бозиев
260 _aМосква
260 _c2017
300 _a128 стр. 24см.
653 _aПедагогика №7. 2017.
653 _aПериодика
653 _aპერიოდიკა
942 _cCR
999 _c54375
_d54375